000 00579nam a2200169 i 4500
001 182826
003 ES-MaACL
005 20230906221725.0
008 131107s1969 sp |||| | spa d
100 1 _aEsteva Fabregat, Claudio.
_948122
245 1 3 _aEl etnólogo como conservador del museo /
_cClaudio Esteva Fabregat.
260 _aBarcelona :
_bUniversidad de Barcelona, Instituto de Arqueología y Prehistoria,
_c1969.
300 _aP. [161]-184 ;
_c24 cm.
595 _aSobretiro de Pyrenae V.
650 4 _aMuseos etnológicos.
_9153798
852 _aES-MaACL
_j2329-F-38
999 _c182826
_d182826